RAAC Playbook (Record no. 122068)

MARC details
000 -LEADER
fixed length control field 01811nam a2200217zu 4500
007 - PHYSICAL DESCRIPTION FIXED FIELD--GENERAL INFORMATION
fixed length control field ta
008 - FIXED-LENGTH DATA ELEMENTS--GENERAL INFORMATION
fixed length control field 241205t2024 xxk||||| ||||o00| 0 eng d
041 ## - LANGUAGE CODE
Language code of text/sound track or separate title eng
110 ## - MAIN ENTRY--CORPORATE NAME
Corporate author Manufacturing Technology Centre
9 (RLIN) 6347
245 ## - TITLE STATEMENT
Title RAAC Playbook
260 ## - PUBLICATION INFORMATION
Publisher Manufacturing Technology Centre,
Date December 2024
520 ## - ABSTRACT
Abstract A draft output from the UKRI RAAC Impact Programme, led by the Manufacturing Technology Centre (MTC). It has been written by multiple authors, documenting the Research and <br/>Development conducted from a selection of the programme’s key work packages. This draft is not authoritative industry guidance but aims to collate publicly available guides for RAAC in section 1 and document the research from the programme’s work packages, including the research methodologies, conclusions and next steps in section 2. <br/>This draft document is not statutory or industry <br/>best practice, it is based on the work of the MTC <br/>and does not represent the full extent of knowledge <br/>on RAAC within the UK. The MTC is a Research and <br/>Technology Organisation (RTO) and not a structural <br/>or civil engineering organisation. The information <br/>contained within this draft document is an <br/>independent view of the ongoing situation and history <br/>of RAAC. <br/>Includes illustrations, the history of RAAC, identifying RAAC, the challenges, testing methods and assessments and remediations
650 ## - KEYWORDS
Keywords BUILDING DEFECTS
650 ## - KEYWORDS
Keywords CONCRETE
650 ## - KEYWORDS
Keywords EDUCATION BUILDINGS
650 ## - KEYWORDS
Keywords REINFORCED AUTOCLAVED AERATED CONCRETE
651 ## - SUBJECT ADDED ENTRY--GEOGRAPHIC NAME
Geographic name United Kingdom
690 ## - LOCAL SUBJECT ADDED ENTRY--TOPICAL TERM (OCLC, RLIN)
9 (RLIN) 6223
Topical term or geographic name as entry element Building materials & defects
710 ## - ADDED CORPORATE NAME
Added corporate author Manufacturing Technology Centre
9 (RLIN) 6347
856 ## - ONLINE RESOURCE
Uniform Resource Identifier https://www.the-mtc.org/api/sites/default/files/2024-10/The%20RAAC%20Playbook_Draft_Final%2024.10.24.pdf
Public note Available from the MTC
Holdings
Withdrawn status Lost status Damaged status Not for loan Home library Current library Shelving location Date acquired Total Checkouts Date last seen Price effective from Koha item type
        Virtual Virtual Online 05/12/2024   05/12/2024 05/12/2024 Online material